80% TV Shows Quiz Stats

 Plays Quiz Updated Aug 6, 2019

Score 0/20 Timer 02:30
1 Play Today
Question Answer Wrong Answers
How I Met Your ___ Mother
98%
Girlfriend
0.2%
Sister
0.1%
Daughter
0.2%
___ and a Half Men Two
97.8%
Terry
0.2%
Lady
0.2%
Janice
0.1%
Orange Is the New ___ Black
97.8%
Fruit
0.3%
Dog
0.1%
Agent
0.1%
The Fresh ___ of Bel-Air Prince
96.9%
Vegetables
0.1%
Air
1.1%
Scents
0.3%
Star Trek: The Next ___ Generation
96.9%
Planet
0.3%
Starship
1%
Crew
0.2%
The ___ Van Dyke Show Dick
95.6%
Rick
1.2%
Nick
1.1%
Mick
0.4%
Little House on the___ Prairie
95.2%
Hill
2%
Beach
0.6%
Shore
0.4%
One ___ at a Time Day
94.1%
Pie
0.5%
Hit
1%
Shot
2.7%
It's Always Sunny in ___ Philadelphia
93.6%
Alaska
0.7%
Africa
0.4%
Florida
3.6%
Star Wars: The ___Wars Clone
93.1%
Cartel
0.9%
Closing
2.5%
Chewbacca
1.8%
3rd ___ from the Sun Rock
91.4%
Jazz
0.1%
Stop
3.4%
Galaxy
3.5%
The ___ of San Francisco Streets
87.1%
Gangs
6.7%
Officers
1%
Mayor
3.4%
Buzz ___ of Star Command Lightyear
86.5%
Aldrin
8%
Feed
2.2%
Huzz
1.5%
The Last ___ on Earth Man
85.1%
Kiss
0.2%
Elephant
0.3%
Day
12.8%
___ 54, Where Are You? Car
73.9%
Ship
7.2%
Train
9.2%
Captain
7.8%
The ___ of Eddie's Father Courtship
69%
Funeral
21.6%
Mother
7.2%
Beer
0.4%
The ___ and Mrs. Muir Ghost
63.4%
Cat
8.2%
Pirate
2.4%
Doctor
24.1%
The Suite Life on ___ Deck
60.4%
Mars
31%
Parole
4.8%
Fire
2%
___ Things with Dominic Monaghan Wild
54.8%
Sweet
9.1%
Hot
6%
Impossible
28.2%
The United States ___ Hour Steel
14.7%
Fine
4%
Happy
77.5%
Good
2%

You're not logged in!

Compare scores with friends on all Sporcle quizzes.
OR
Log In

Show Comments

Extras

Top Quizzes Today


Score Distribution

Your Account Isn't Verified!

In order to create a playlist on Sporcle, you need to verify the email address you used during registration. Go to your Sporcle Settings to finish the process.

Report this User

Report this user for behavior that violates our Community Guidelines.

Details: